00732nam a2200241 a 4500001001300000003000900013005001700022008004100039020001000080082001700090100002700107245003900134260002600173300000900199500003500208505003600243650003700279700002700316902000800343942000700351952011700358999001500475nice12345678IN_TiNIC20260116011836.0050524s1978 dela grp 000 0 eng  ac10000a330.041bSID aSiddiqui, Abdul Hameed aIslam and the Remaking of Humanity aDelhibQazi Pubc1978 a248p aincludes index and biblioraphy2 aIndex, Bibliography Information aEconomics-Religious Aspect-Islam1 aSiddiqui, Abdul Hameed bSRS cBK 001040708StackRoom-aHMIbHMId2007-04-19g100.00l0o330.041 SIDp09649r2007-04-19v100.00w2005-05-24yBK c4367d4367